| 000 | 00503nam a22002051a 4500 | ||
|---|---|---|---|
| 001 | 1258 | ||
| 003 | OSt | ||
| 005 | 20260204211727.0 | ||
| 008 | 040117s2000||||sp ||||||b||||||||||spa|| | ||
| 020 | _a9580412710 | ||
| 050 | _a418.4 M11c | ||
| 082 | _a418.4 M11c | ||
| 100 | _aMayo, W. J. | ||
| 245 | _aCómo leer, estudiar y memorizar rápidamente / W. J. Mayo | ||
| 264 | _aEspaña : Norma | ||
| 300 | _a168 p. | ||
| 500 | _aIncluye indice | ||
| 650 | _a1.Lectura CorrectivaÌ | ||
| 942 |
_2ddc _cBK |
||
| 999 |
_c1258 _d1258 |
||